Formule 1 - Tous les fournisseurs de pneumatiques - Statistiques

Statistiques générales
  • Ce quiz a été pris 85 fois
  • Le résultat moyen est 4 sur 9
Statistiques - réponses
Dates Réponses % Correct
1950-actuel Pirelli
99%
1977-2006 Michelin
93%
1976-2010 Bridgestone
67%
1964-1998 Goodyear
43%
1950-1977 Dunlop
35%
1950-1975 Firestone
26%
1954-1959 Continental
25%
1954-1982 Avon
7%
1950-1958 Englebert
7%
Aucun quiz correspondant
Distribution des résultats
% des personnes avec chaque résultat
Percentile par nombre de réponses
Votre historique - résultats
Vous n’avez pas pris ce quiz